000 01348nam a2200337Ia 4500
001 7657
005 20260213202510.0
008 161213s2016 ck a g 000 0 spa
020 _a9789588845142
020 _a9789588845142
040 _aCO-BoRNBP
_bspa
_erda
_cCO-BoRNBP
084 _aA GUT9
100 1 _aGutiérrez Llano, Pilar
_d1967-
_965373
245 1 0 _aMil orejas
_ctexto
_bPilar Gutiérrez Llano ; ilustración
_bSamuel Castaño Mesa
250 _aEdición especial
264 1 _aMedellín
_bTragaluz
_c2016
300 _a[28] páginas
_bilustraciones a blanco y negro
_c16 cm.
336 _atexto
_btxt
_2rdacontent
337 _asin mediación
_bn
_2rdamedia
338 _avolumen
_bnc
_2rdacarrier
490 _aPlan Nacional de Lectura y Escritura Leer es mi Cuento. 2016
500 _aPara conocer el libro en lengua de señas ingresa a http://bit.ly/milorejas
500 _aIncluye datos biográficos de la autora e ilustrador
521 _aRecomendado para jóvenes a partir de 13 años
650 1 4 _2LEMB
_aÁlbumes infantiles colombianos
_ySiglo XXI
650 1 4 _2LEMB
_aLiteratura infantil colombiana
_ySiglo XXI
_9966
650 1 4 _2LEMB
_aLenguaje por señas
_vÁlbum infantil
_968750
650 1 4 _2LEMB
_aSordera
_vÁlbum infantil
_968751
700 1 _aCastaño Mesa, Samuel
_d1988-
_eilustrador
_963744
942 _2loc
_cBKINF
999 _c7657
_d7657